000 00860nam a22002297a 4500
999 _c4671
_d4671
003 AR-CdUCM
008 190311b ||||| |||| 00| 0 spa d
040 _aMUNICIPALIDAD PROVINCIAL DEL CUSCO
_cBIBLIOTECA MUNICIPAL DEL CUSCO
082 _a866.795 /
_bR81
100 _aRomano, Eduardo
_914525
245 _aAnálisis del don Segundo Sombra /
260 _aBuenos Aires :
_bCentro editor de América Latina,
_c1967.
300 _a57 páginas ;
_c18 cm.
440 _aEnciclopedia literaria
_n18
_914526
500 _aDonación familia de Luis Nieto
505 _aContenido: Camino de Don Segundo Sombra -- La configuración de estructuras -- El punto de vista -- Presentación de personajes -- La invención de la armonía...
650 _aArmonía
_914102
650 _aIdeología
_91109
650 _aMito
_93021
942 _2ddc
_cLIBROS
945 _adavv